Milk testing; (Record no. 480220)

000 -LEADER
fixed length control field 00689cam a2200241u 4500
001 - CONTROL NUMBER
control field 10249250
003 - CONTROL NUMBER IDENTIFIER
control field ASAB
005 - DATE AND TIME OF LATEST TRANSACTION
control field 20180827062656.0
008 - FIXED-LENGTH DATA ELEMENTS--GENERAL INFORMATION
fixed length control field 821208s1951 enka 000 0 eng
010 ## - LIBRARY OF CONGRESS CONTROL NUMBER
LC control number 52025672
020 ## - INTERNATIONAL STANDARD BOOK NUMBER
International Standard Book Number 81-7754-128-5
040 ## - CATALOGING SOURCE
Original cataloging agency DLC
Transcribing agency ASAB
Modifying agency DLC
050 00 - LIBRARY OF CONGRESS CALL NUMBER
Classification number SF253
Item number .D37
082 ## - DEWEY DECIMAL CLASSIFICATION NUMBER
Classification number 637.127
100 1# - MAIN ENTRY--PERSONAL NAME
Personal name Davis, John Gilbert. [from old catalog]
9 (RLIN) 2111
245 00 - TITLE STATEMENT
Title Milk testing;
Remainder of title the laboratory control of milk.
260 ## - PUBLICATION, DISTRIBUTION, ETC.
Place of publication, distribution, etc. London,
Name of publisher, distributor, etc. Dairy Industries,
Date of publication, distribution, etc. 1951.
300 ## - PHYSICAL DESCRIPTION
Extent 260 p.
Other physical details illus.
Dimensions 22 cm.
650 #0 - SUBJECT ADDED ENTRY--TOPICAL TERM
Topical term or geographic name entry element Milk
General subdivision Analysis.
9 (RLIN) 2112
650 #0 - SUBJECT ADDED ENTRY--TOPICAL TERM
Topical term or geographic name entry element Milk
General subdivision Testing.
9 (RLIN) 2113
906 ## - LOCAL DATA ELEMENT F, LDF (RLIN)
a 0
b cbc
c premunv
d u
e ncip
f 19
g y-gencatlg
942 ## - ADDED ENTRY ELEMENTS (KOHA)
Source of classification or shelving scheme
Koha item type Book
Holdings
Withdrawn status Lost status Source of classification or shelving scheme Damaged status Not for loan Collection code Permanent Location Current Location Date acquired Total Checkouts Full call number Barcode Date last seen Price effective from Koha item type
            Atta-ur-Rahman School of Applied Biosciences (ASAB) Atta-ur-Rahman School of Applied Biosciences (ASAB) 10/21/2016   637.127 DAV ASAB2080 10/21/2016 10/21/2016 Book
© 2023 Central Library, National University of Sciences and Technology. All Rights Reserved.